=LDR 00000nam 2200000 4500 =001 INLIS000000000040881 =005 20130612150434 =008 ***********************************Ind** =035 ##$$0010-061300000040881 =041 ##$$a Ind =082 ##$$a R.634.907 6 =090 ##$$a R.634.907 6, Jun j =245 ##$$a Jurnal penelitian hasil hutan volume 29 =260 ##$$a 2011 $b Jakarta =300 ##$$a 85 hlm, 22 cm =650 ##$$a Hutan dn Kehutanan =850 ##$$a NBPNMAT